| Registos Bibliográficos associados ao registo de autoridade |
|
Etiqueta de registo: 00504cam 02200205 04500 001 1731 003 http://id.bnportugal.gov.pt/bib/catbnp/1731 005 19981110180100.0 095 ## $aPTBN00001775 100 ## $a19790301d1978 km.y0pora0103 ba 101 0# $apor 102 ## $aPT 200 1# $aFrancisco Marto$fMaria Lumi 205 ## $a7ª ed 210 #9 $aPorto$cSalesianas,$d1978 215 ## $a64 p.$cil.$d15 cm 675 ## $a272-36Marto, Francisco, Santo$vBN$zpor$31694986 700 #1 $aLumi,$bMaria,$cpseud.$326464 801 #0 $aPT$bBN$gRPC 966 ## $lBN$mFGMON$sR. 36810 P. 998 ## $aFSE04 - 00060
Etiqueta de registo: 00502cam 02200205 04500 001 1732 003 http://id.bnportugal.gov.pt/bib/catbnp/1732 005 19981110180100.0 095 ## $aPTBN00001776 100 ## $a19790301d1978 km.y0pora0103 ba 101 0# $apor 102 ## $aPT 200 1# $aJacinta Marto$fMaria Lumi 205 ## $a9ª ed 210 #9 $aPorto$cSalesianas,$d1978 215 ## $a64 p.$cil.$d15 cm 600 #1 $aMarto,$bJacinta,$cSanta,$f1910-1920$j[Biografias]$2SIPOR$32000867 675 ## $a272-36Marto, Jacinta, Santa$vBN$zpor$31694987 700 #1 $aLumi,$bMaria,$cpseud.$326464 801 #0 $aPT$bBN$gRPC 966 ## $lBN$mFGMON$sR. 36809 P. 974 ## $e0$d20260617$vrsimoes 998 ## $aFSE04 - 00061
Etiqueta de registo: 00617cam 02200229 04500 001 4912 003 http://id.bnportugal.gov.pt/bib/catbnp/4912 005 19981110202700.0 095 ## $aPTBN00005043 100 ## $a19791101d1979 m y0pora0103 ba 101 1# $apor$cspa 102 ## $aPT 200 1# $aFrancisco Marto$fMaria Lumi$gtrad. Vicente Codina 205 ## $a1ª ed 210 #9 $aFátima$cSantuário,$d1979 215 ## $a64 p.$cil.$d15 cm 304 ## $aTít. orig. : Francisco Marto 675 ## $a272-36Marto, Francisco, Santo$vBN$zpor$31694986 700 #1 $aLumi,$bMaria,$cpseud.$326464 702 #1 $aCodina,$bVicente$4730$378376 801 #0 $aPT$bBN$gRPC 966 ## $lBN$mFGMON$sH.G. 33928 P. 998 ## $aFSE09 - 00471
Etiqueta de registo: 00536cam 02200205 04500 001 4914 003 http://id.bnportugal.gov.pt/bib/catbnp/4914 005 19981110202700.0 095 ## $aPTBN00005045 100 ## $a19791101d1979 m y0pora0103 ba 101 1# $aeng$cspa 102 ## $aPT 200 1# $aFrancisco of Fatima$fMaria Lumi 210 #9 $aFátima$cSanctuary,$dimp. 1979 215 ## $a63 p.$cil.$d15 cm 304 ## $aTít. orig. : Francisco Marto 675 ## $a92$vmed$zpor$3288142 700 #1 $aLumi,$bMaria,$cpseud.$326464 801 #0 $aPT$bBN$gRPC 966 ## $lBN$mFGMON$sH.G. 33927 P. 997 ## $aBIBEOD 998 ## $aFSE09 - 00473
Etiqueta de registo: 00613cam 02200229 04500 001 4915 003 http://id.bnportugal.gov.pt/bib/catbnp/4915 005 19981110202800.0 095 ## $aPTBN00005046 100 ## $a19791101d1979 m y0pora0103 ba 101 1# $apor$cspa 102 ## $aPT 200 1# $aJacinta Marto$fMaria Lumi$gtrad. Vicente Codina 205 ## $a1ª ed 210 #9 $aFátima$cSantuário,$d1979 215 ## $a62 p.$cil.$d15 cm 304 ## $aTít. orig. : Jacinta Marto 600 #1 $aMarto,$bJacinta,$cSanta,$f1910-1920$j[Biografias]$2SIPOR$32000867 675 ## $a272-36Marto, Jacinta, Santa$vBN$zpor$31694987 675 ## $a92$vmed$zpor$3288142 700 #1 $aLumi,$bMaria,$cpseud.$326464 702 #1 $aCodina,$bVicente$4730$378376 801 #0 $aPT$bBN$gRPC 966 ## $lBN$mFGMON$sH.G. 33930 P. 974 ## $e0$d20260617$vrsimoes 998 ## $aFSE09 - 00474
Etiqueta de registo: 00607cam 02200217 04500 001 4916 003 http://id.bnportugal.gov.pt/bib/catbnp/4916 005 19981110202800.0 095 ## $aPTBN00005047 100 ## $a19791101d1979 m y0pora0103 ba 101 1# $afre$cspa 102 ## $aPT 200 1# $aJacinthe de Fatima$fMaria Lumi$gtrad. et adapt. Reginald Simonin 210 #9 $aFátima$cSantuaire,$dimp. 1979 215 ## $a63 p.$cil.$d15 cm 304 ## $aTít. orig. : Jacinta Marto 600 #1 $aMarto,$bJacinta,$cSanta,$f1910-1920$j[Biografias]$2SIPOR$32000867 675 ## $a272-36Marto, Jacinta, Santa$vBN$zpor$31694987 675 ## $a92$vmed$zpor$3288142 700 #1 $aLumi,$bMaria,$cpseud.$326464 702 #1 $aSimonin,$bReginald$4730$378414 801 #0 $aPT$bBN$gRPC 966 ## $lBN$mFGMON$sH.G. 33926 P. 974 ## $e0$d20260617$vrsimoes 998 ## $aFSE09 - 00475
Etiqueta de registo: 00532cam 02200205 04500 001 4917 003 http://id.bnportugal.gov.pt/bib/catbnp/4917 005 19981110202800.0 095 ## $aPTBN00005048 100 ## $a19791101d1979 m y0pora0103 ba 101 1# $aeng$cspa 102 ## $aPT 200 1# $aJacinta of Fatima$fMaria Lumi 210 #9 $aFátima$cSanctuary,$dimp. 1979 215 ## $a64 p.$cil.$d15 cm 304 ## $aTít. orig. : Jacinta Marto 600 #1 $aMarto,$bJacinta,$cSanta,$f1910-1920$j[Biografias]$2SIPOR$32000867 675 ## $a272-36Marto, Jacinta, Santa$vBN$zpor$31694987 675 ## $a92$vmed$zpor$3288142 700 #1 $aLumi,$bMaria,$cpseud.$326464 801 #0 $aPT$bBN$gRPC 966 ## $lBN$mFGMON$sH.G. 33929 P. 974 ## $e0$d20260617$vrsimoes 998 ## $aFSE09 - 00476
Etiqueta de registo: 00591cam 02200205 04500 001 9550 003 http://id.bnportugal.gov.pt/bib/catbnp/9550 005 19981111023500.0 095 ## $aPTBN00009798 100 ## $a19801201d1980 m y0pora0103 ba 101 0# $apor 102 ## $aPT 200 1# $a Um grupo de amigos$fMaria Lumi 210 #9 $a[S.l.]$cM. Lumi$aPorto$c[depos.] Ed. Salesianas,$dimp. 1980 215 ## $a45, [2] p.$cil.$d22 cm 300 ## $aMaria Lumi pseud. de Maria de Lurdes Mesquita da Silva 675 ## $a087.5$vmed$zpor$3287999 700 #1 $aLumi,$bMaria,$cpseud.$326464 801 #0 $aPT$bBN$gRPC 966 ## $lBN$mFGMON$sP. 5577 V. 997 ## $aBIBEOD 998 ## $aFSE18 - 00042
Etiqueta de registo: 00502cam 22002051 450 001 404820 003 http://id.bnportugal.gov.pt/bib/catbnp/404820 005 19981231000000.0 095 ## $aPTBN00433128 100 ## $a19930306d1974 m y0pory0103 ba 101 0# $apor 102 ## $aPT 200 1# $aFrancisco Marto$fMaria Lumi 205 ## $a5ª ed 210 #9 $aPorto$cSalesianas,$d1974 215 ## $a64 p.$cil.$d16 cm 675 ## $a272-36Marto, Francisco, Santo$vBN$zpor$31694986 700 #1 $aLumi,$bMaria,$cpseud.$326464 801 #0 $aPT$bBN$gRPC 966 ## $lBN$mFGMON$sH.G. 33296 P. 998 ## $aCR708-438
Etiqueta de registo: 00705cam 2200265 450 001 323138 003 http://id.bnportugal.gov.pt/bib/catbnp/323138 005 19981229000000.0 010 ## $a972-690-195-2 095 ## $aPTBN00339225 100 ## $a19910703d1990 a y0pory0103 ba 101 0# $apor 102 ## $aPT 105 ## $ac z 000yy 106 ## $ar 200 1# $aFrancisco$epastorinho de Fátima$fMaria Lumi 205 ## $a8ª ed 210 #9 $aPorto$cSalesianas,$d1990 215 ## $a78 [1] p.$cil.$d16 cm 675 ## $a248.159 Fátima$vBN$zpor$3325885 700 #1 $aLumi,$bMaria,$cpseud.$326464 801 #0 $aPT$bBN$gRPC 966 ## $c2$lBN$mFGMON$sR. 39091 P.$x1 966 ## $c2$lBN$mFGMON$sR. 39091 P.$x1 997 ## $aBIBEOD
Etiqueta de registo: 00700cam 2200265 450 001 323137 003 http://id.bnportugal.gov.pt/bib/catbnp/323137 005 19981229000000.0 010 ## $a972-690-196-0 095 ## $aPTBN00339224 100 ## $a19910703d1990 a y0pory0103 ba 101 0# $apor 102 ## $aPT 105 ## $ac z 000yy 106 ## $ar 200 1# $aJacinta$epastorinha de Fátima$fMaria Lumi 205 ## $a10ª ed 210 #9 $aPorto$cSalesianas,$d1990 215 ## $a80 p.$cil.$d16 cm 675 ## $a248.159 Fátima$vBN$zpor$3325885 700 #1 $aLumi,$bMaria,$cpseud.$326464 801 #0 $aPT$bBN$gRPC 966 ## $c2$lBN$mFGMON$sR. 39089 P.$x1 966 ## $c2$lBN$mFGMON$sR. 39089 P.$x1 997 ## $aBIBEOD
Etiqueta de registo: 00501cam 22001931 450 001 317943 003 http://id.bnportugal.gov.pt/bib/catbnp/317943 005 19981229000000.0 095 ## $aPTBN00333998 100 ## $a19571101d1957 m y0pora0103 ba 101 0# $apor 102 ## $aPT 200 1# $aJacinta Marto$fMaria Lumi 210 #9 $aPorto$cCentro das Edições Salesianas,$d1957 215 ## $a46, [1] p.$cil.$d14 cm 225 2# $aFlorinhas do Céu$v11 600 #1 $aMarto,$bJacinta,$cSanta,$f1910-1920$j[Biografias]$2SIPOR$32000867 675 ## $a272-36Marto, Jacinta, Santa$vBN$zpor$31694987 700 #1 $aLumi,$bMaria,$cpseud.$326464 801 #0 $aPT$bBN$gRPC 966 ## $lBN$mFGMON$sH.G. 29973 P. 973 ## $csteixeira$d20260617
Etiqueta de registo: 00481cam 022001931 04500 001 133077 003 http://id.bnportugal.gov.pt/bib/catbnp/133077 005 19981121213200.0 095 ## $aPTBN00138729 100 ## $a19601001d1958 m y0pora0103 ba 101 0# $apor 102 ## $aPT 200 1# $aFrancisco Marto$fMaria Lumi 210 #9 $aPorto$cSalesianas,$d[D.L. 1958] 215 ## $a52 p.$d15 cm 225 2# $aFlorinhas do Céu$v12 675 ## $a272-36Marto, Francisco, Santo$vBN$zpor$31694986 700 #1 $aLumi,$bMaria,$cpseud.$326464 801 #0 $aPT$bBN$gRPC 966 ## $lBN$mFGMON$sH.G. 31445 P.
Etiqueta de registo: 00470cam 22001931 450 001 137512 003 http://id.bnportugal.gov.pt/bib/catbnp/137512 005 19991019101200.0 095 ## $aPTBN00143180 100 ## $a19620201d1961 m y0pora0103 ba 101 0# $apor 102 ## $aPT 200 1# $aJacinta Marto$fMaria Lumi 210 #9 $aPorto$cSalesianas,$d1961 215 ## $a47 p.$d15 cm 225 2# $aFlorinhas do céu$v11 600 #1 $aMarto,$bJacinta,$cSanta,$f1910-1920$j[Biografias]$2SIPOR$32000867 675 ## $a272-36Marto, Jacinta, Santa$vBN$zpor$31694987 700 #1 $aLumi,$bMaria,$cpseud.$326464 801 #0 $aPT$bBN$gRPC 966 ## $lBN$mFGMON$sH.G. 31444 P. 974 ## $e0$d20260617$vrsimoes
Etiqueta de registo: 00508cam 22002051 450 001 137511 003 http://id.bnportugal.gov.pt/bib/catbnp/137511 005 19981122161700.0 095 ## $aPTBN00143179 100 ## $a19620201d1961 m y0pora0103 ba 101 0# $apor 102 ## $aPT 200 1# $aFrancisco Marto$fMaria Lumi 205 ## $a3ª ed. 210 #9 $aPorto$cEdições Salesianas,$d1961 215 ## $a52 p.$d15 cm 225 2# $aFlorinhas do céu 675 ## $a272-36Marto, Francisco, Santo$vBN$zpor$31694986 700 #1 $aLumi,$bMaria,$cpseud.$326464 801 #0 $aPT$bBN$gRPC 966 ## $lBN$mFGMON$sH.G. 31445 P.
Etiqueta de registo: 00500cam 22002051 450 001 404819 003 http://id.bnportugal.gov.pt/bib/catbnp/404819 005 19981231000000.0 095 ## $aPTBN00433127 100 ## $a19930306d1974 m y0pory0103 ba 101 0# $apor 102 ## $aPT 200 1# $aJacinta Marto$fMaria Lumi 205 ## $a7ª ed 210 #9 $aPorto$cSalesianas,$d1974 215 ## $a64 p.$cil.$d15 cm 600 #1 $aMarto,$bJacinta,$cSanta,$f1910-1920$j[Biografias]$2SIPOR$32000867 675 ## $a272-36Marto, Jacinta, Santa$vBN$zpor$31694987 700 #1 $aLumi,$bMaria,$cpseud.$326464 801 #0 $aPT$bBN$gRPC 966 ## $lBN$mFGMON$sH.G. 33295 P. 974 ## $e0$d20260617$vrsimoes 998 ## $aCR708-437
Etiqueta de registo: 00491cam 2200193 450 001 908866 003 http://id.bnportugal.gov.pt/bib/catbnp/908866 005 19990603000000.0 095 ## $aPTBN01035466 100 ## $a19990112d1966 m y0pory0103 ba 101 0# $apor 102 ## $aPT 200 1# $aJacinta Marto$fMaria Lumi 205 ## $a6ª ed 210 #9 $aPorto$cSalesianas,$d1966 215 ## $a47 p.$cil., [1] foto.$d15 cm 225 2# $aFlorinhas do céu 600 #1 $aMarto,$bJacinta,$cSanta,$f1910-1920$j[Biografias]$2SIPOR$32000867 675 ## $a272-36Marto, Jacinta, Santa$vBN$zpor$31694987 700 #1 $aLumi,$bMaria,$cpseud.$326464 801 #0 $aPT$bBN$gRPC 966 ## $lBN$mFGMON$sH.G. 32200 P. 974 ## $e0$d20260617$vrsimoes
Etiqueta de registo: 00610cam 02200217 04500 001 4913 003 http://id.bnportugal.gov.pt/bib/catbnp/4913 005 19981110202700.0 095 ## $aPTBN00005044 100 ## $a19791101d1979 m y0pora0103 ba 101 1# $afre$cspa 102 ## $aPT 200 1# $aFrançois de Fatima$fMaria Lumi$gtrad. et adapt. Reginald Simonin 210 #9 $aFátima$cSantuaire,$dimp. 1979 215 ## $a64 p.$cil.$d15 cm 304 ## $aTít. orig. : Francisco Marto 675 ## $a92$vmed$zpor$3288142 700 #1 $aLumi,$bMaria,$cpseud.$326464 702 #1 $aSimonin,$bReginald$4730$378414 801 #0 $aPT$bBN$gRPC 966 ## $lBN$mFGMON$sH.G. 33931 P. 997 ## $aBIBEOD 998 ## $aFSE09 - 00472
Etiqueta de registo: 00488cam 2200193 450 001 908867 003 http://id.bnportugal.gov.pt/bib/catbnp/908867 005 19990603000000.0 095 ## $aPTBN01035467 100 ## $a19990112d1966 m y0pory0103 ba 101 0# $apor 102 ## $aPT 200 1# $aFrancisco Marto$fMaria Lumi 205 ## $a4ª ed 210 #9 $aPorto$cSalesianas,$d1966 215 ## $a52 p.$c[2] foto.$d16 cm 225 2# $aFlorinhas do céu 675 ## $a272-36Marto, Francisco, Santo$vBN$zpor$31694986 700 #1 $aLumi,$bMaria,$cpseud.$326464 801 #0 $aPT$bBN$gRPC 966 ## $lBN$mFGMON$sH.G. 32199 P.
|
|
|